000 00500nam a22002057a 4500
008 000000b xxu||||| |||| 00| 0 und d
015 _aNNB
020 _a978-9937-2-0627-3
_cRs.300.00
041 _aNep
082 _aN915.426
_bT569v
_cN
100 _aThapa, Rajeshwar
245 _aValung ra valunga
260 _aKathmandu
_bAbhiman Prakashan
_c2065 B.S.
300 _a362p.
650 _aCulture
650 _aDescription
650 _aPopulation
650 _aTravel
942 _cGEN
_2ddc
999 _c70037
_d70023